000 00327nam a2200133Ia 4500
005 20251222152016.0
008 251222s9999||||xx |||||||||||||| ||spa||
082 _a303.625.85/A36
100 _aAlbarracín Chávez, Jorge
245 0 _aEn honor a la verdad
250 _a1ra.ed.
264 _bEjercito del Perú
942 _cLIB
999 _c25112
_d25112